TV Bosses Quiz Stats

 Plays Quiz Updated Feb 16, 2012

Challenge
Share
Tweet
Embed
Score 0/40 Timer 07:00
0 Plays Today
Boss Show % Correct
Donald TrumpThe Apprentice
81.2%
David Brent/Michael ScottThe Office (US or UK)
81.2%
C. Montgomery BurnsThe Simpsons
79.3%
J. PetermanSeinfeld
59.8%
President Josiah 'Jed' BartletThe West Wing
58.6%
President Charles Logan24
57.8%
Sheriff Andy TaylorThe Andy Griffith Show
54.5%
Col. Sherman PotterM*A*S*H
54.4%
Dr. Bob KelsoScrubs
52.9%
J. D. 'Boss' HoggThe Dukes of Hazzard
51.3%
Cosmo SpacelyThe Jetsons
50.3%
District Attorney Jack McCoyLaw & Order
49.4%
Jack Donaghy30 Rock
49.2%
Chief of Surgery Richard WebberGrey's Anatomy
46.5%
Lou GrantThe Mary Tyler Moore Show
45.7%
Rebecca HoweCheers
40.6%
Eugene KrabsSpongeBob SquarePants
39.3%
Louie De PalmaTaxi
37%
Angela BowerWho's the Boss?
30.7%
Mel Sharples, the cookAlice
28.5%
Boss Show % Correct
Denny CraneBoston Legal
26.5%
Buck StricklandKing of the Hill
26.3%
Larry TateBewitched
25.8%
Program Director Andy TravisWKRP in Cincinnati
24%
Alan BradyThe Dick Van Dyke Show
21.6%
Nigel WickThe Drew Carey Show
20%
Charlie TownsendCharlie's Angels
18.8%
Assistant Director Walter SkinnerThe X-Files
18.5%
Jack GalloJust Shoot Me!
18.3%
Captain Kathryn JanewayStar Trek: Voyager
18.2%
Jimmy JamesNewsRadio
17.3%
Roger Sterling, Jr.Mad Men
14%
Amanda WoodwardMelrose Place
12.3%
Gov. James GatlingBenson
11.8%
President Laura RoslinBattlestar Galactica
10.8%
Arvin SloanAlias
9.8%
Lt. Cedric DanielsThe Wire
9.1%
Patty HewesDamages
6.4%
Dolores HerbigDead Like Me
4.2%
Veronica PalmerBetter Off Ted
3.5%

You're not logged in!

Compare scores with friends on all Sporcle quizzes.
Join for Free
OR
Log In

You Might Also Like...

Show Comments

Extras

Top Quizzes Today


Score Distribution

Your Account Isn't Verified!

In order to create a playlist on Sporcle, you need to verify the email address you used during registration. Go to your Sporcle Settings to finish the process.

Report this User

Report this user for behavior that violates our Community Guidelines.

Details: